00691nam a2200229 a 4500001001300000003000900013005001700022008004100039020000800080082001500088100003500103245002100138260006100159500003500220505001000255650002800265700003500293902000800328942000700336952010300343999001500446nice12345678IN_TiNIC20260116011525.0050524s1891 cala grp 000 0 eng  ac000a297.4bSAH aSaherwardi, Shaikh Shahabuddin aAwaarirul Maarif aCalcuttabGovernment of India, Central Printing Prc1891 aincludes index and biblioraphy2 aIndex aSufism-Terms-Commentary1 aSaherwardi, Shaikh Shahabuddin bRHR cBK 001040708REFaHMIbHMIcREFd2005-05-24g0.00l0o297.4 SAHp1590r2005-05-24w2026-01-16yARB c2296d2296